The American constitution : its origins and development /

Spremljeno u:
Bibliografski detalji
Glavni autor: Kelly, Alfred Hinsey
Daljnji autori: Harbison, Winfred Audif
Format: Knjiga
Jezik:English
Izdano: N.Y. : Norton, 1963.
Izdanje:3rd ed.
Teme:
LEADER 00813nam a22002171 4500
001 c000205489
003 CARM
005 20021125002000.0
008 851211s1963 nyu 0 eng d
019 1 |a 644189  |z 4159501  |5 LACONCORD2021 
035 |a (OCoLC)416612  |5 LACONCORD2021 
100 1 |a Kelly, Alfred Hinsey. 
245 1 4 |a The American constitution :  |b its origins and development /  |c by A.H.Kelly & W.A.Harbison. 
250 |a 3rd ed. 
260 |a N.Y. :  |b Norton,  |c 1963. 
610 1 0 |a United States.  |t Constitution. 
700 1 |a Harbison, Winfred Audif. 
852 8 |b CARM  |h A2:AO01A0  |i B06577  |p 0303706  |f BK 
082 0 4 |a 342.73 
999 f f |i 4e968401-c85f-5ef3-857c-d4513a95ed75  |s a7252111-2ffc-540e-9589-61a238b96f03 
952 f f |p Can circulate  |a CAVAL  |b CAVAL  |c CAVAL  |d CARM 1 Store  |e B06577  |f A2:AO01A0  |h Other scheme  |i book  |m 0303706